Модернизация автоматизированной системы диспетчерского контроля и управления городской электросетью; Современные технологии автоматизации; № 1

Dettagli Bibliografici
Parent link:Современные технологии автоматизации: производственно-технический журнал.— , 2000-.— 0206-975X
№ 1.— 2003.— С. 38-45
Autore principale: Павлов Н. Николай
Altri autori: Зацепин А. Андрей, Ананских М. Максим
Lingua:russo
Pubblicazione: 2003
Serie:Системная интеграция. Элекроэнергетика
Soggetti:
Natura: MixedMaterials Capitolo di libro
KOHA link:https://koha.lib.tpu.ru/cgi-bin/koha/opac-detail.pl?biblionumber=385868

MARC

LEADER 00000naa2a2200000 4500
001 385868
005 20231101063416.0
035 |a (RuTPU)RU\TPU\prd\14057 
090 |a 385868 
100 |a 20030521a2003 k y0rusy50 ca 
101 0 |a rus 
102 |a RU 
200 1 |a Модернизация автоматизированной системы диспетчерского контроля и управления городской электросетью  |f Н. Павлов, А. Зацепин, М. Ананских 
225 1 |a Системная интеграция. Элекроэнергетика 
461 1 |0 (RuTPU)RU\TPU\prd\1759  |x 0206-975X  |t Современные технологии автоматизации  |o производственно-технический журнал  |d 2000- 
463 1 |0 (RuTPU)RU\TPU\prd\13781  |t № 1  |v С. 38-45  |d 2003 
610 1 |a автоматизированные системы 
610 1 |a модернизация 
610 1 |a диспетчерский контроль 
610 1 |a управление 
610 1 |a электросети 
610 1 |a электрические сети 
700 1 |a Павлов  |b Н.  |g Николай 
701 1 |a Зацепин  |b А.  |g Андрей 
701 1 |a Ананских  |b М.  |g Максим 
801 1 |a RU  |b 63413507  |c 20030521  |g PSBO 
801 2 |a RU  |b 63413507  |c 20131217  |g RCR 
942 |c BK